Burger inspiré des personnages Marvel - Statistiques

Statistiques générales
  • Ce quiz a été pris 171 fois
  • Le résultat moyen est 9 sur 11
Statistiques - réponses
Par images Réponse % Correct
Spider-man
99%
Hulk
98%
Captain America
97%
Loki
97%
Iron man
95%
Thor
86%
Docteur Strange
85%
Black Widow
57%
Hawkeye
53%
Panthère noire
46%
Sorcière rouge
44%
Aucun quiz correspondant
Distribution des résultats
% des personnes avec chaque résultat
Percentile par nombre de réponses
Votre historique - résultats
Vous n’avez pas pris ce quiz